000 00508nam a2200181Ia 4500
003 OSt
005 20191213101039.0
008 190216s9999||||xx |||||||||||||| ||und||
040 _coclc
082 _a338.5
_bJAM/M
100 _aJames, C P
_9467
245 0 _aMicroeconomics /
_cC P James
250 _aI st
260 _bCalicut University Central Co-Operative Stores,
_c2004.
_aCalicut:
300 _a326p
650 _aEconomics
942 _cBK
_2ddc
_h338.5
_iJAM/M
_k338.5
_mJAM/M
999 _c11526
_d11526